Биохимический метод поисков рудных месторождений: принцип и практика поисков

Detalles Bibliográficos
Autor principal: Малюга Д. П. Дмитрий Петрович
Lenguaje:ruso
Publicado: Москва, Изд-во Академии Наук СССР, 1963
Materias:
Formato: Libro
KOHA link:https://koha.lib.tpu.ru/cgi-bin/koha/opac-detail.pl?biblionumber=96312

MARC

LEADER 00000nam0a2200000 4500
001 96312
005 20231031110458.0
035 |a (RuTPU)RU\TPU\book\103109 
090 |a 96312 
100 |a 20060512d1963 km y0rusy50 ca 
101 0 |a rus 
102 |a RU 
105 |a a z 001zy 
200 1 |a Биохимический метод поисков рудных месторождений  |e принцип и практика поисков  |f Д. П. Малюга 
210 |a Москва  |c Изд-во Академии Наук СССР  |d 1963 
215 |a 264 с.  |c ил. 
320 |a Библиогр.: с. 251-262. 
610 1 |a рудные месторождения 
610 1 |a поиски 
610 1 |a разведка 
610 1 |a биогеохимический метод 
675 |a 553.3/4  |v 3 
700 1 |a Малюга  |b Д. П.  |g Дмитрий Петрович 
801 1 |a RU  |b 63413507  |c 20060512  |g PSBO 
801 2 |a RU  |b 63413507  |c 20061204  |g PSBO 
942 |c BK